Score 0/18 Timer 05:00
3 Plays Today
% Correct
The Lion King
92.5%
The Sound of Music
92.4%
Mary Poppins
92.1%
Wicked
91.3%
Grease
89.3%
Joseph and the Amazing Technicolor Dreamcoat
89.2%
Spamalot
82.1%
Les Misérables
81.6%
Chicago
75.8%
% Correct
West Side Story
75.7%
Into the Woods
74.2%
Sweeney Todd
73.8%
Hairspray
73.5%
The Book of Mormon
72%
Annie Get Your Gun
65.8%
Rent
64%
Avenue Q
62.8%
Anything Goes
57.6%
Remove Ads.
Support Sporcle.
Get the best of Sporcle when you Go Orange. This ad-free experience offers more features, more stats, and more fun while also helping to support Sporcle. Thank you for becoming a member.

You're not logged in!

Compare scores with friends on all Sporcle quizzes.
OR
Log In

Show Comments

Extras

Top Quizzes Today


Score Distribution

Your Account Isn't Verified!

In order to create a playlist on Sporcle, you need to verify the email address you used during registration. Go to your Sporcle Settings to finish the process.

Report this User

Report this user for behavior that violates our Community Guidelines.

Details: